| 000 | 00596nam a2200181Ia 4500 | ||
|---|---|---|---|
| 003 | GCL | ||
| 008 | 140319s9999 xx 000 0 ara d | ||
| 040 |
_aGCL / _cGCL |
||
| 082 | 0 | 4 |
_a001.6404 _bع ك |
| 100 | 1 | _aعبدالعزيز فهمى هيكل | |
| 245 | 1 | 0 |
_aالكمبيوتر وادارة الاعمال الجزء : الثانى للمتقدمين / _cعبدالعزيز فهمى هيكل |
| 260 |
_a[S.N] : _bدار الراتب الجامعية |
||
| 300 | _a329 ص | ||
| 490 | _a | ||
| 650 | 0 | 4 | _aالحاسبات الالكترونية |
| 650 | 0 | 4 | _aباسيك |
| 942 |
_2ddc _cBK |
||
| 999 |
_c39099 _d39099 |
||